| 000 -LEADER |
| fixed length control field |
00736nam a2200217Ia 4500 |
| 001 - CONTROL NUMBER |
| control field |
18111 |
| 003 - CONTROL NUMBER IDENTIFIER |
| control field |
GE_BSU |
| 008 - FIXED-LENGTH DATA ELEMENTS--GENERAL INFORMATION |
| fixed length control field |
181216s||||||||xx |||||||||||||| ||und|| |
| 040 ## - CATALOGING SOURCE |
| Transcribing agency |
GE_BSU |
| 080 ## - UNIVERSAL DECIMAL CLASSIFICATION NUMBER |
| Universal Decimal Classification number |
811.353.1(063)+94(=353.1) |
| 245 ## - TITLE STATEMENT |
| Title |
ქართველური მემკვიდრეობა. X |
| 245 ## - TITLE STATEMENT |
| Statement of responsibility, etc. |
მთავ. რედ. ტ.ფუტკარაძე. |
| 260 ## - PUBLICATION, DISTRIBUTION, ETC. |
| Place of publication, distribution, etc. |
ქუთაისი |
| 260 ## - PUBLICATION, DISTRIBUTION, ETC. |
| Name of publisher, distributor, etc. |
ქუთაისის სახ. უნ-ტი |
| 260 ## - PUBLICATION, DISTRIBUTION, ETC. |
| Date of publication, distribution, etc. |
2006 |
| 300 ## - PHYSICAL DESCRIPTION |
| Extent |
387გვ. 24სმ. |
| 520 ## - SUMMARY, ETC. |
| Summary, etc. |
გარეკანზე სათ. რუს. ენ. |
| 653 ## - INDEX TERM--UNCONTROLLED |
| Uncontrolled term |
ქართველური მემკვიდრეობა. X |
| 942 ## - ADDED ENTRY ELEMENTS (KOHA) |
| Koha item type |
წიგნი |